Five Biggest States by Groups - Statistics

General Stats
  • This quiz has been taken 103 times
  • The average score is 35 of 40
Answer Stats
Hint Answer % Correct
Gained Statehood Since 1850 California
97%
Voted Differently in 2016 Than in 1988 California
97%
Closer to Arizona than Arkansas is** California
97%
Drains into Mississippi* Texas
95%
Closer to Arizona than Arkansas is** Texas
95%
Entirely South of 41st Parallel Texas
95%
Closer to Grenada than to Greenland Texas
95%
Voted For Trump Texas
95%
Closer to Grenada than to Greenland Florida
93%
Gained Statehood Since 1850 New Mexico
93%
Voted Differently in 2016 Than in 1988 New Mexico
93%
Closer to Arizona than Arkansas is** New Mexico
93%
Entirely South of 41st Parallel New Mexico
93%
Gained Statehood Since 1850 Alaska
92%
Voted For Trump Alaska
92%
Voted Differently in 2016 Than in 1988 Colorado
91%
Drains into Mississippi* Colorado
91%
Entirely South of 41st Parallel Colorado
91%
"Nation-locked"*** Colorado
91%
Closer to Grenada than to Greenland Georgia
91%
Gained Statehood Since 1850 Arizona
89%
Entirely South of 41st Parallel Arizona
89%
Voted For Trump Arizona
89%
Voted Differently in 2016 Than in 1988 Nevada
87%
Closer to Arizona than Arkansas is** Nevada
87%
"Nation-locked"*** Nevada
87%
"Nation-locked"*** Utah
87%
Drains into Mississippi* Wyoming
87%
Voted For Trump Wyoming
87%
"Nation-locked"*** Wyoming
87%
Gained Statehood Since 1850 Montana
85%
Drains into Mississippi* Montana
85%
Closer to Arizona than Arkansas is** Montana
85%
Voted For Trump Montana
85%
Drains into Mississippi* Kansas
80%
Entirely South of 41st Parallel Kansas
80%
"Nation-locked"*** Kansas
80%
Closer to Grenada than to Greenland Arkansas
79%
Closer to Grenada than to Greenland Oklahoma
78%
Voted Differently in 2016 Than in 1988 Iowa
65%
No matching quizzes found
Score Distribution
Percent of People with Each Score
Percentile by Number Answered
Your Score History
You have not taken this quiz